| 000 | 01531cam a2200337 i 4500 | ||
|---|---|---|---|
| 003 | SA-RiAUC | ||
| 005 | 20250918073204.0 | ||
| 008 | 250917s1982 su a g b 10000 ara c | ||
| 020 | _aNA 9090.9 A7 1982 | ||
| 040 |
_aSA-JeALM _bara _cSA-RiAUC _erda |
||
| 043 | _ama----- | ||
| 050 | 4 | _bN32 1981 | |
| 060 | 0 | _bا أ | |
| 082 | 0 | 4 |
_a711.4091751 _qSA-RiAUC |
| 090 |
_a711.4091751 _bن د و |
||
| 111 | 2 |
_aندوة المدينة العربية : خصائصها وتراثها الحضاري والإسلامي _d( 1401 هجري : _cالمدينة المنورة) |
|
| 245 | 1 | 0 |
_aأبحاث من ندوة المدينة العربية : _bخصائصها وتراثها الحضاري الإسلامي / _cمنظمة المدن العربية. |
| 264 | 1 |
_aالرياض : _bالمعهد العربي لإنماء المدن، _c1982 |
|
| 300 |
_a218 صفحة : _bإيضاحيات . صور ؛ _c30 سم. |
||
| 336 |
_aنص _btxt _2rdacontent _3كتاب |
||
| 337 |
_aبدون وسيط _bn _2rdamedia |
||
| 338 |
_aمجلد _bnc _2rdacarrier |
||
| 504 | _aيشتمل على إرجاعات ببليوجرافية. | ||
| 650 | 7 |
_aتخطيط المدن _zالبلاد العربية _vمؤتمرات _2aucsh |
|
| 650 | 7 |
_aالعمارة الإسلامية _vمؤتمرات _2aucsh |
|
| 650 | 7 |
_aالمدن _zالبلاد العربية _vمؤتمرات _2aucsh |
|
| 710 | 2 |
_aمنظمة المدن العربية _eمنظم. |
|
| 942 |
_2ddc _cBOOK _n0 |
||
| 949 |
_aSA-JeALM _d250917 _uosman123 _n1 |
||
| 999 |
_c11908 _d11908 |
||